000 00607nmc a2200241 a 4500
003 AR-BaBNM
005 20251128211743.0
008 156020s2004 ||||||||||||||000 | spa||
020 _a950-518-718-1
040 _cAR-BaBNM
100 1 _aMilner, Jean-Claude
245 1 0 _aEl paso filosófico de Roland Barthes
250 _a1ª ed.
260 _aBuenos Aires
_bAmorrortu
_c2004
300 0 _a105 p.
490 0 _aMutaciones
600 1 4 _aBarthes, Roland
_d1915-1980
650 4 _aFILOSOFIA
650 4 _aLINGUISTICA
700 1 _aAgoff, Irene
_etraductor
942 _cBK
998 _cme-solo cat
999 _c20960
_d20960